000 00735nam a2200289Ia 4500
005 20260324121253.0
008 008 260324s9999 xx 000 0 eng d
020 _a9780429072109
037 _aEBOOK
040 _aCRL
040 _beng
040 _cCRL
041 _2eng
041 _aeng
084 _qCRL
100 _aChi-Ying Vanessa Li; Kwong-Yu Chan
_91161862
245 0 _aElectrochemically Enabled Sustainability
245 0 _bDevices, Materials and Mechanisms for Energy Conversion
260 _bTaylor and Francis
260 _c2014
365 _a
365 _b385
856 _uhttp://www.taylorfrancis.com/books/9780429072109
942 _cEBOOK
999 _c1753866
_d1753866